00454nam a2200157Ia 4500008004100000020001500041082001600056100001900072245004100091250000700132260004300139300002400182500001900206600002100225650005000246240925s9999 xx 000 0 und d a8170294479 a005.133 PAR aParsons, David 0aObject Oriented Programming with C++ aNA aGosport:bAshford Colour Pressc,2000. a620p.bNAfOriginal aIncludes Index aComputer Science aComputer science, information & general works